000 005530000a22001810004500
003 MACL
005 20160511113210.0
008 160511b xxu||||| |||| 00| 0 eng d
040 _aMACL
_cMACL
041 _aHindi
082 _a891.431 CHA
100 _aचौधरी, अजीत
_956059
245 _aकबीर का पता
_cअजीत चौधरी
260 _bरामकृष्‍ण प्रकाशन
_c1995
_aविदिशा
350 _a60
650 _aHindi Poetry
_955213
942 _cHIN
_k891.431/CHA/P
_2ddc
999 _c20029
_d20029